From company to crown : (Record no. 90311)

MARC details
000 -LEADER
fixed length control field 00607nam a22001937a 4500
005 - DATE AND TIME OF LATEST TRANSACTION
control field 20141211113249.0
010 ## - LCCN (DPL NO)
LC control number ENG-111387
020 ## - INTERNATIONAL STANDARD BOOK NUMBER
International Standard Book Number 9789380036502
Terms of availability 250.00
035 ## - SYSTEM CONTROL NUMBER
System control number EN-94919
037 ## - SOURCE OF ACQUISITION
Source of stock number/acquisition DBAD/PUB
082 ## - DEWEY DECIMAL CLASSIFICATION NUMBER
Classification number N
100 ## - MAIN ENTRY--PERSONAL NAME
Personal name Chakravarti, Anirudhalal
245 ## - TITLE STATEMENT
Title From company to crown :
Statement of responsibility, etc by Anirudhalal Chakravarti
Remainder of title a portrait of life in East India comapany times in India /
260 ## - PUBLICATION, DISTRIBUTION, ETC. (IMPRINT)
Place of publication, distribution, etc Kolkata
Name of publisher, distributor, etc Mitram
Date of publication, distribution, etc 2014
270 ## - ADDRESS
Address 37A, College Street
City Kolkata
Postal code 700073
300 ## - PHYSICAL DESCRIPTION
Extent 303p.
Dimensions 23cm(Hb)
500 ## - GENERAL NOTE
General note Includes bibliographical references and index
942 ## - ADDED ENTRY ELEMENTS (KOHA)
Source of classification or shelving scheme Dewey Decimal Classification
Item type English Books
Call number suffix CHA
Classification part N
Holdings
Withdrawn status Lost status Not for loan Collection code Home library Current library Date acquired Source of acquisition Cost, normal purchase price Full call number Barcode Copy number Cost, replacement price Koha item type
    Not For Loan Fiction D.B.Act.Division D.B.Act.Division 28/11/2014 DBAD/PUB 250.00 N CHA EN-94919 1 250.00 English Books

© Delhi Public Library
Hit Counter
free hit counter